000 01032nam a2200337 i 4500
003 EG-GICUC
005 20260322204053.0
008 260322s2008 fr ||||fr|||| 00| 0 fre d
040 _aEG-GiCUC
_bfre
_cEG-GiCUC
_dEG-GiCUC
_eRda
041 _afre
082 0 4 _221
_a341.48
_bMA.C
092 0 4 _221
099 _aLaw1 11 341.48 MA.C 4ed - 2005
100 1 _a Marguénaud , Jean Pierre
_eAuteur
245 _aLa Cour Europeenne Des Droits De L'homme /
_cJean Pierre Marguénaud .
250 _a4ed.
264 _aParis :
_bDalloz ,
_c2008 .
300 _a165 page ;
_c 24 cm.
336 _2rda contenu
_a texte
337 _2rda medias
_aOrdinateur
338 _2 transporteur rda
_a Ressource en ligne
490 _aConnaissance du droit
546 _aTexte en français
650 1 _adroits de l'homme
650 1 _aLiberté de religion
651 1 _2qrmak
700 1 _aPhillippe Jestaz
_eContributeur
856 4 0 _uhttps://fll.law.cu.edu.eg/fulltext/bks/B11-08659.pdf
905 _a60
942 _2ddc
_cBK
_e21
_n0
999 _c66496
_d66496